| 000 | 01060nam0a22003371 4500 | ||
|---|---|---|---|
| 001 | v19\rc\1399819 | ||
| 005 | 20060512125339.3 | ||
| 035 | _a(NLR Aleph) 004530446 | ||
| 090 |
_a1862513 _c1862513 |
||
| 100 | _a20060512d1872 |||y0rusy50 ca | ||
| 101 | 0 | _arus | |
| 102 | _aRU | ||
| 105 | _ay z ||||| | ||
| 200 | 1 |
_aГородские общественные банки России _eОбзор их деятельности по 1 янв. 1871 г. _f[Соч.] В.Я. Ососова |
|
| 210 |
_aСанкт-Петербург _cтип. Майкова _d1872 |
||
| 215 |
_a[4], 192 с. _d24 |
||
| 700 | 1 |
_aОсосов _bВ. Я. _gВасилий Яковлевич |
|
| 801 | 0 |
_aRU _bNLR _gpsbo |
|
| 801 | 0 |
_aRU _bRuMoRGB _2psbo |
|
| 801 | 1 |
_aRU _bProSoft-M _2rusmarc |
|
| 852 |
_aNLR _j18.127.5.64 |
||
| 852 |
_aNLR _j133/2457 |
||
| 852 |
_aNLR _bМф _jК1/29296 |
||
| 899 |
_aRuMoRGB _jM 51/12 |
||
| 899 |
_aRuMoRGB _jM 44/12 |
||
| 899 | _aБАН | ||
| 899 | _aНБ СПбГУ | ||
| 899 | _aГПИБ | ||
| 899 | _aНБ МГУ | ||
| 942 | _cBOOK | ||
| 980 | _aNB | ||